000 00515nam a2200181Ia 4500
008 090124s9999 xx 000 0 und d
082 _b26951
_a6924
100 _aबनहट्टी राजेंद्र
245 _a लांडगा
250 _a2
260 _c1992
300 _a176
600 _aबनहट्टी राजेंद्र
630 _a लांडगा
700 _aबनहट्टी राजेंद्र
730 _a लांडगा
942 _cBOOK
999 _c140421
_d140421